Software engineering for internet applications / (Record no. 3257)
[ view plain ]
| 000 -LEADER | |
|---|---|
| fixed length control field | 00803nam a22002412 4500 |
| 001 - CONTROL NUMBER | |
| control field | 0000008410 |
| 005 - DATE AND TIME OF LATEST TRANSACTION | |
| control field | 20151217145840.0 |
| 008 - FIXED-LENGTH DATA ELEMENTS--GENERAL INFORMATION | |
| fixed length control field | 080409s xx 000 0 eng d |
| 020 ## - INTERNATIONAL STANDARD BOOK NUMBER | |
| International Standard Book Number | 0262511916 : |
| Terms of availability | KES 2800 |
| 040 ## - CATALOGING SOURCE | |
| Original cataloging agency | KABU |
| Transcribing agency | KABU |
| 100 1# - MAIN ENTRY--PERSONAL NAME | |
| Personal name | Andersson, Eve. |
| -- | 0000157711 |
| 245 10 - TITLE STATEMENT | |
| Title | Software engineering for internet applications / |
| Statement of responsibility, etc. | Eve Andersson, Philip Greenspun, and Andrew Grumet. |
| 260 ## - PUBLICATION, DISTRIBUTION, ETC. (IMPRINT) | |
| Place of publication, distribution, etc. | London : |
| Name of publisher, distributor, etc. | The MIT press, |
| Date of publication, distribution, etc. | 2006. |
| 300 ## - PHYSICAL DESCRIPTION | |
| Extent | ix, 398 p. |
| 650 #0 - SUBJECT ADDED ENTRY--TOPICAL TERM | |
| Topical term or geographic name as entry element | Internet programming. |
| -- | 0000154340 |
| 650 #0 - SUBJECT ADDED ENTRY--TOPICAL TERM | |
| Topical term or geographic name as entry element | Application software. |
| -- | 0000158972 |
| 650 #0 - SUBJECT ADDED ENTRY--TOPICAL TERM | |
| Topical term or geographic name as entry element | Software engineering. |
| -- | 0000154311 |
| 700 1# - ADDED ENTRY--PERSONAL NAME | |
| Personal name | Greenspun, Philip. |
| -- | 0000157712 |
| 700 1# - ADDED ENTRY--PERSONAL NAME | |
| Personal name | Grumet, Andrew. |
| -- | 0000157713 |
| 908 ## - PUT COMMAND PARAMETER (RLIN) | |
| Put command parameter | 080409 |
| 950 ## - LOCAL HOLDINGS (RLIN) | |
| -- | 1 |
| Withdrawn status | Lost status | Source of classification or shelving scheme | Not for loan | Home library | Current library | Date acquired | Total Checkouts | Full call number | Barcode | Date last seen | Price effective from | Koha item type |
|---|---|---|---|---|---|---|---|---|---|---|---|---|
| Library of Congress Classification | Kabarak, Main Campus | Kabarak, Main Campus | 17/12/2015 | QA76.625 .A53 | 003257 | 17/12/2015 | 17/12/2015 | General Collection |